000 00664nam a2200277Ia 4500
005 20260324114601.0
008 008 260324s9999 xx 000 0 eng d
020 _a9781003248071
037 _aEBOOK
040 _aCRL
040 _beng
040 _cCRL
041 _2eng
041 _aeng
084 _qCRL
100 _aKrishnan Murugesan
_91151351
245 0 _aModeling and Simulation in Thermal and Fluids Engineering
260 _bTaylor and Francis
260 _c2022
365 _a
365 _b355
856 _uhttp://www.taylorfrancis.com/books/9781003248071
942 _cEBOOK
999 _c1741615
_d1741615